[Event "John hamer"]
[Site "SchemingMind.com"]
[Date "2015.12.28"]
[Round "-"]
[White "frankly"]
[Black "Mortadulo"]
[Result "1-0"]
[WhiteCountry "ENG"]
[BlackCountry "USA"]
[WhiteElo "2443"]
[WhiteRD "54"]
[BlackElo "2185"]
[BlackRD "76"]
[GameID "392681"]

1. d4 Nf6 2. Nf3 c5 3. d5 e6 4. c4 b5 5. Bg5 b4 6. e4 d6 7. Bd3 Be7 8. a3 O-O 9. O-O h6 10. Be3 Na6
11. h3 Qc7 12. Bc2 Rb8 13. Nbd2 Re8 14. Re1 bxa3 15. bxa3 e5 16. Nf1 Bd7 17. Ng3 Rb2 18. Bd2 Reb8 19. Bc3 R2b7 20. Qd2 Ne8
21. Qd3 g6 22. Ne2 Bf6 23. Qd2 Bg7 24. Nh2 Qd8 25. f4 exf4 26. Nxf4 Bxc3 27. Qxc3 Qf6 28. Qxf6 Nxf6 29. Nf3 Ne8 30. g4 g5
31. Nh5 Rb2 32. Rec1 f6 33. Ne1 R2b7 34. Nd3 Kf7 35. Rf1 Ke7 36. Rf3 Rb6 37. Raf1 f5 38. exf5 Nf6 39. Re3+ Kf7 40. Rfe1 Ng8
41. h4 Re8 42. hxg5 hxg5 43. Nf2
1-0

[Event "John hamer"]
[Site "SchemingMind.com"]
[Date "2015.12.28"]
[Round "-"]
[White "Mortadulo"]
[Black "frankly"]
[Result "1/2-1/2"]
[WhiteCountry "USA"]
[BlackCountry "ENG"]
[WhiteElo "2185"]
[WhiteRD "76"]
[BlackElo "2443"]
[BlackRD "54"]
[GameID "392682"]

1. Nc3 c5 2. d4 cxd4 3. Qxd4 Nc6 4. Qh4 Nf6 5. Bg5 e6 6. Nf3 Be7 7. e4 d5 8. O-O-O h6 9. Bb5 O-O 10. Bxh6 gxh6
11. Qxh6 Qd6 12. Qg5+ Kh8 13. e5 Nh7 14. Qh5 Nxe5 15. Qxe5+ Qxe5 16. Nxe5 a6 17. Be2 Nf6 18. h4 Nd7 19. Nd3 b5 20. g4 b4
21. Nb1 a5 22. g5 e5 23. Nd2 a4 24. Kb1 Bd6 25. f3 a3 26. Nf2 Bb7 27. Nde4 Be7 28. Ng3 axb2 29. Bb5 Nb6 30. Nf5 Bd8
31. Nd6 Ra5 32. Nxb7 Rxb5 33. Nxd8 Rxd8 34. Rhe1 Ra8 35. Rxe5 Na4 36. Rd4=
1/2-1/2

[Event "John hamer"]
[Site "SchemingMind.com"]
[Date "2016.02.01"]
[Round "-"]
[White "JAHI"]
[Black "nikephoros"]
[Result "1-0"]
[WhiteCountry "INT"]
[BlackCountry "IND"]
[WhiteElo "2089"]
[WhiteRD "54"]
[BlackElo "1302"]
[BlackRD "84"]
[GameID "394867"]

1. c3 d5 2. Qc2 e5 3. g3 Nf6 4. h3 Nc6 5. h4 Bc5 6. Nh3 O-O 7. Bg2 e4 8. a3 Ng4 9. a4 Qf6 10. f3 exf3
11. Bxf3
1-0

[Event "John hamer"]
[Site "SchemingMind.com"]
[Date "2016.02.01"]
[Round "-"]
[White "nikephoros"]
[Black "JAHI"]
[Result "0-1"]
[WhiteCountry "IND"]
[BlackCountry "INT"]
[WhiteElo "1302"]
[WhiteRD "84"]
[BlackElo "2089"]
[BlackRD "54"]
[GameID "394868"]

1. e4 c6 2. Nc3 Qc7 3. Nf3 g6 4. d4 h6 5. Bc4 h5 6. Be3 Nh6 7. O-O Bg7 8. h3 d6 9. Re1 a6 10. Ng5 a5
11. h4 Na6
0-1

[Event "John hamer"]
[Site "SchemingMind.com"]
[Date "2016.03.16"]
[Round "-"]
[White "Quaff"]
[Black "ray winteringham"]
[Result "1-0"]
[WhiteCountry "ENG"]
[BlackCountry "ENG"]
[WhiteElo "1671"]
[WhiteRD "66"]
[BlackElo "1485"]
[BlackRD "53"]
[GameID "396736"]

1. e4 e5 2. Nf3 Nc6 3. Bc4 h6 4. c3 d6 5. b4 Be6 6. Bb3 Qd7 7. d3 g6 8. Be3 Bg7 9. Nbd2 f5 10. exf5 Bxf5
11. Ne4 Nf6 12. Nxf6+ Bxf6 13. Qd2 O-O-O 14. Bxh6 e4 15. dxe4 Bxe4 16. Be3 b6 17. O-O-O Qg4 18. Bd5 Ne7 19. Bxe4 Qxe4 20. a4 Nd5
21. Qxd5 Qg4 22. Nd4
1-0

[Event "John hamer"]
[Site "SchemingMind.com"]
[Date "2016.03.16"]
[Round "-"]
[White "ray winteringham"]
[Black "Quaff"]
[Result "0-1"]
[WhiteCountry "ENG"]
[BlackCountry "ENG"]
[WhiteElo "1496"]
[WhiteRD "54"]
[BlackElo "1612"]
[BlackRD "58"]
[GameID "396737"]

1. e4 e5 2. Nf3 d6 3. Bc4 h6 4. h3 Nf6 5. d3 Be7 6. Be3 a6 7. Nbd2 b5 8. Bb3 Bb7 9. O-O c5 10. c4 b4
11. Bc2 a5 12. b3 Nc6 13. a3 Nh7 14. a4 O-O 15. Nh2 Bc8 16. Ng4 f5 17. Nh2 f4 18. Bxf4 exf4 19. f3 Nf6 20. Qe1 Nh5
21. Rf2 Ng3 22. Ndf1 Bh4 23. Rd2 Nxe4 24. Qxe4 Bb7 25. d4 Bf6 26. Rad1 Bxd4+ 27. Kh1 Rb8 28. Qh7+ Kf7 29. Bg6+ Ke7 30. Re2+ Be5
31. Qxg7+ Ke6 32. Qxh6 Kd7 33. Qh7+ Kc8 34. Bf5+ Rxf5 35. Qxf5+ Kc7 36. Qf7+ Kb6 37. Ng4 Nd4 38. Nd2 Nxe2 39. Nf1 Nd4 40. Nxe5 dxe5
41. Nh2 Qc7 42. Qg6+ Ka7 43. Ng4 Nxf3 44. Qf5 Nh4 45. Qg5 Nxg2 46. Kg1 Re8 47. Nf6 Rd8 48. Rxd8 Qxd8 49. Qxe5 Qd4+ 50. Qxd4 cxd4
51. Kf2 f3 52. Nd5 Bxd5 53. cxd5 Nh4 54. Ke1 Kb6 55. Kf2 Kc5
0-1

[Event "John hamer"]
[Site "SchemingMind.com"]
[Date "2016.03.23"]
[Round "-"]
[White "Scooter"]
[Black "Helga1946"]
[Result "0-1"]
[WhiteCountry "USA"]
[BlackCountry "GER"]
[WhiteElo "1731"]
[WhiteRD "47"]
[BlackElo "2352"]
[BlackRD "76"]
[GameID "397241"]

1. d4 d5 2. Nf3 c6 3. Bf4 Qb6 4. b3 Bf5 5. e3 e6 6. Bd3 Bg4 7. Nbd2 Bb4 8. O-O Bc3 9. Rb1 Qd8 10. h3 Bh5
11. Be2 Qa5 12. a4 Nf6 13. Be5 Nbd7 14. Bd6 a6 15. g4 Bg6 16. Ba3 h5 17. g5 Ne4 18. Nxe4 dxe4 19. Ne1 Qxg5+ 20. Ng2 Bf5
21. Kh2 Nf6 22. Nf4 Qh4 23. Bd6 g5 24. Nxh5 Qxh3+
0-1

[Event "John hamer"]
[Site "SchemingMind.com"]
[Date "2016.03.23"]
[Round "-"]
[White "Helga1946"]
[Black "Scooter"]
[Result "1-0"]
[WhiteCountry "GER"]
[BlackCountry "USA"]
[WhiteElo "2352"]
[WhiteRD "76"]
[BlackElo "1731"]
[BlackRD "47"]
[GameID "397242"]

1. c4 Nf6 2. d4 g6 3. Nc3 Bg7 4. Bg5 O-O 5. Qd2 b6 6. e4 d6 7. Nf3 Bb7 8. Bd3 Nbd7 9. Bc2 c5 10. d5 Re8
11. Nb5 a6 12. Nc3 Ne5 13. Nxe5 dxe5 14. Ba4 Nd7 15. g4 f6 16. Be3 Qc7 17. O-O-O Red8 18. d6 exd6 19. Qxd6 Qxd6 20. Rxd6 Nf8
21. Rxb6
1-0

[Event "John hamer"]
[Site "SchemingMind.com"]
[Date "2016.04.05"]
[Round "-"]
[White "echecs"]
[Black "emvarela"]
[Result "1-0"]
[WhiteCountry "ENG"]
[BlackCountry "ARG"]
[WhiteElo "1801"]
[WhiteRD "68"]
[BlackElo "1712"]
[BlackRD "48"]
[GameID "397504"]

1. e4 e5 2. Nf3 Nc6 3. Bc4 Bc5 4. O-O Nf6 5. Nc3 h6 6. Be2 O-O 7. d3 d6 8. a3 a6 9. Bd2 b5 10. b4 Bb6
11. Nd5 Nxd5 12. exd5 Ne7 13. c4 Bf5 14. Be3 Bxe3 15. fxe3 c6 16. dxc6 Qb6 17. Qc1 Qxc6 18. Nh4 Rac8 19. Nxf5 Nxf5 20. Rxf5 bxc4
21. dxc4 f6 22. Qd2 Rfd8 23. Qa2 Kh8 24. Raf1 Qe4 25. Qb3 Qc6 26. Qd1 d5 27. c5 a5 28. Bg4 Rc7 29. Bf3 e4 30. Bxe4 dxe4
31. Qxd8+
1-0

[Event "John hamer"]
[Site "SchemingMind.com"]
[Date "2016.04.04"]
[Round "-"]
[White "emvarela"]
[Black "echecs"]
[Result "0-1"]
[WhiteCountry "ARG"]
[BlackCountry "ENG"]
[WhiteElo "1712"]
[WhiteRD "55"]
[BlackElo "1843"]
[BlackRD "63"]
[GameID "397505"]

1. e4 e5 2. Nf3 Nc6 3. Bb5 Nf6 4. O-O d6 5. d4 Bd7 6. Nc3 exd4 7. Nxd4 Ne5 8. Bxd7+ Qxd7 9. Re1 Be7 10. Be3 O-O
11. Nd5 Nxd5 12. exd5 Bf6 13. c3 a6 14. b3 Rae8 15. Rc1 Ng4 16. h3 Nxe3 17. Rxe3 Rxe3 18. fxe3 Bg5 19. Qf3 Re8 20. Re1 g6
21. c4 Qe7 22. e4 Qe5 23. Qf2 Bf4 24. Nf3 Qc3 25. g3 Bh6 26. Kg2 Bg7 27. Re3 Qf6 28. Re2 Qd8 29. h4 Re7 30. Nd2 Qd7
31. c5 dxc5 32. Qxc5 Bf8 33. Qc4 Bh6 34. Nf3 Bg7 35. e5 c6 36. dxc6 Qc7 37. cxb7 Qxb7 38. Kf2 Qb6+ 39. Kg2 Qb8 40. Qxa6 Re6
41. Qc4 Qa8 42. Kf2 Qa7+ 43. Kg2 Qb8 44. Ng5 Qb7+ 45. Kh3 Rxe5 46. Rxe5 Bxe5 47. Qe4 Qd7+ 48. Qg4 Qc6 49. Qf3 Qc8+= 50. Kh2 Qc2+
51. Qg2 Qb1 52. Qf2 f6 53. Nf3 Bb2 54. a4 Bc3 55. Nd4 Qd1 56. Nb5 Be5 57. Qg2 Qxb3 58. Qa8+ Kg7 59. Qb7+ Kh6 60. Qg2 Qxa4
61. Qd2+ g5 62. hxg5+ fxg5 63. Qe2 Qh4+
0-1

[Event "John hamer"]
[Site "SchemingMind.com"]
[Date "2016.04.21"]
[Round "-"]
[White "Lanaroon"]
[Black "Robert Bruce"]
[Result "0-1"]
[WhiteCountry "ENG"]
[BlackCountry "SCO"]
[WhiteElo "1544"]
[WhiteRD "122"]
[BlackElo "2258"]
[BlackRD "65"]
[GameID "398236"]

1. e4 Nf6 2. e5 Nd5 3. d4 d6 4. Nf3 dxe5 5. dxe5 Bg4 6. Be2 e6 7. Bg5 Be7 8. h4 Nd7 9. c4 Nb4 10. c5 Bxf3
11. Bxf3 Nxe5 12. Qxd8+ Rxd8 13. Na3 Bxg5 14. hxg5 Nxf3+ 15. gxf3 Rd5 16. Ke2 Rxg5 17. Nb5 Re5+ 18. Kf1 Rxc5 19. a3 Nd3 20. Nxa7 Ra5
21. Nc8 Ra8 22. Nb6 cxb6 23. Rh4 Ke7 24. Rc4 Rhc8 25. Rxc8 Rxc8 26. Ke2 Rc1 27. Rxc1 Nxc1+ 28. Kd2 h5
0-1

[Event "John hamer"]
[Site "SchemingMind.com"]
[Date "2016.04.21"]
[Round "-"]
[White "Robert Bruce"]
[Black "Lanaroon"]
[Result "1-0"]
[WhiteCountry "SCO"]
[BlackCountry "ENG"]
[WhiteElo "2255"]
[WhiteRD "63"]
[BlackElo "1545"]
[BlackRD "118"]
[GameID "398237"]

1. f4 e5 2. fxe5 d6 3. exd6 Bxd6 4. Nf3 g5 5. g3 g4 6. Nh4 Nh6 7. d4 Nf5 8. Nxf5 Bxf5 9. Bg2 Nc6 10. O-O Ne7
11. Bg5 Qd7 12. e4 O-O-O 13. exf5 Bxg3 14. hxg3 Nxf5 15. Bxd8 Qxd4+ 16. Qxd4 Nxd4 17. Bf6 Ne2+ 18. Kf2 Re8 19. Nd2 c5 20. Ne4
1-0

[Event "John hamer"]
[Site "SchemingMind.com"]
[Date "2016.04.25"]
[Round "-"]
[White "svarog"]
[Black "spoke"]
[Result "1-0"]
[WhiteCountry "SWE"]
[BlackCountry "GER"]
[WhiteElo "1890"]
[WhiteRD "104"]
[BlackElo "1708"]
[BlackRD "75"]
[GameID "398509"]

1. e4 e5 2. Nc3 Nc6 3. Bc4 Nf6 4. d3 Bb4 5. Ne2 d6 6. O-O Bg4 7. Bg5 Bxc3 8. bxc3 O-O 9. f3 Be6 10. Bb3 Bxb3
11. cxb3 h6 12. Bh4 Qe7 13. d4 exd4 14. cxd4 Rfe8 15. Re1 a6 16. Nc3 g5 17. Bf2 Nd7 18. Nd5 Qd8 19. Rc1 Nf6 20. Nxf6+ Qxf6
21. d5 Ne5 22. Rxc7 Re7 23. Rc2 Ree8 24. Qd2 Rec8 25. Rec1 Qd8 26. h3 Ng6 27. Bg3 Ne5 28. f4 gxf4 29. Bxf4
1-0

[Event "John hamer"]
[Site "SchemingMind.com"]
[Date "2016.04.25"]
[Round "-"]
[White "spoke"]
[Black "svarog"]
[Result "1-0"]
[WhiteCountry "GER"]
[BlackCountry "SWE"]
[WhiteElo "1708"]
[WhiteRD "75"]
[BlackElo "1890"]
[BlackRD "104"]
[GameID "398510"]

1. e4 c6 2. d4 d5 3. exd5 cxd5 4. c4 Nf6 5. Nc3 e6 6. Nf3 Be7 7. Bg5 dxc4 8. Bxc4 Nbd7 9. O-O O-O 10. Re1 Nb6
11. Bb3 Nbd5 12. Rc1 b6 13. Nxd5 exd5 14. Bxf6 Bxf6 15. Ne5 Bb7 16. Qg4 Bc8 17. Qf3 Be6 18. Rc6 Rc8 19. Rec1 Rxc6 20. Rxc6 Bd7
21. Nxd7 Qxd7 22. Qxd5 Qxd5 23. Bxd5 Bxd4 24. Rc7 a5 25. Kf1 Bxb2 26. a4 g5 27. g3 Kg7 28. Kg2 Kg6 29. Rc6+= f6 30. Rxb6 Re8=
31. Rxb2
1-0

[Event "John hamer"]
[Site "SchemingMind.com"]
[Date "2016.05.02"]
[Round "-"]
[White "Michael Mollenhauer"]
[Black "Barry Hampton"]
[Result "0-1"]
[WhiteCountry "GER"]
[BlackCountry "ENG"]
[WhiteElo "1098"]
[WhiteRD "172"]
[BlackElo "1807"]
[BlackRD "104"]
[GameID "398713"]

1. e4 e6 2. d4 d5 3. Nc3 Nf6 4. e5 Nfd7 5. f4 c5 6. dxc5 Nc6 7. Nf3 Bxc5 8. Bd3 f6 9. exf6 Nxf6 10. Bd2 O-O
11. Qe2 Bd7 12. O-O-O Nb4 13. a3 Nxd3+ 14. Qxd3 Be7 15. Ne5 Be8 16. Rde1 Nd7 17. Nxd7 Qxd7 18. Be3 Bg6 19. Qb5 Qc6 20. Bd4 Bf6
21. Qxc6 bxc6 22. Bxf6 Rxf6 23. Rhf1 Raf8 24. g3 Kf7 25. Na4 Ke7 26. Nc5 Kd6 27. Nb3 c5 28. Nd2 Bh5 29. Nb3 g5 30. Rf2 gxf4
31. Ref1 e5 32. Nd2 R6f7 33. gxf4 Rxf4 34. Rxf4 Rxf4 35. c3 Rxf1+ 36. Nxf1 c4 37. Ng3 Bg6 38. h4 Bd3 39. Kd2 Kc5 40. b4+ cxb3
41. Kxd3 Kb5
0-1

[Event "John hamer"]
[Site "SchemingMind.com"]
[Date "2016.05.01"]
[Round "-"]
[White "Barry Hampton"]
[Black "Michael Mollenhauer"]
[Result "1-0"]
[WhiteCountry "ENG"]
[BlackCountry "GER"]
[WhiteElo "1807"]
[WhiteRD "104"]
[BlackElo "1098"]
[BlackRD "172"]
[GameID "398714"]

1. Nf3 d5 2. g3 Nc6 3. Bg2 e5 4. d3 Nf6 5. O-O Be6 6. Nbd2 h6 7. e4 dxe4 8. dxe4 Be7 9. b3 O-O 10. Bb2 Bd6
11. Qe2 a6 12. Nc4 Bxc4 13. Qxc4 Qe7 14. Nh4 Na5 15. Qc3 Nc6 16. Nf5 Qe6 17. a3 Rad8 18. Rad1 Be7 19. Nxe7+ Qxe7 20. Qf3 Rd6
21. Rxd6 Qxd6 22. Rd1 Qe7 23. c3 b5 24. Rd3 Rd8 25. Qd1 Rxd3 26. Qxd3 Qd6 27. Qxd6 cxd6 28. f3 Na5 29. b4 Nc4 30. Bc1 d5
31. Kf2 dxe4 32. fxe4 Ng4+ 33. Kg1 Nge3 34. Bxe3 Nxe3 35. Bh3 Nd1 36. Bc8 Nxc3 37. Bxa6 Ne2+ 38. Kg2 Nd4 39. h3 f6 40. h4 h5
41. Kh3 Nc2 42. Bxb5 Nxa3 43. Be8 Nc2 44. b5
1-0

[Event "John hamer"]
[Site "SchemingMind.com"]
[Date "2016.05.20"]
[Round "-"]
[White "Fred Fanelli"]
[Black "Chessibelle"]
[Result "1-0"]
[WhiteCountry "USA"]
[BlackCountry "ENG"]
[WhiteElo "1538"]
[WhiteRD "84"]
[BlackElo "1195"]
[BlackRD "64"]
[GameID "399449"]

1. d4 d5 2. c4 Nf6 3. Nc3 Nc6 4. e3 e6 5. a3 Be7 6. Bd3 g6 7. Nf3 O-O 8. O-O Ng4 9. h3 Nh6 10. Re1 f5
11. c5 b6 12. b4 a5 13. Bb5 Na7 14. Ne5 Bg5 15. f4 Bh4 16. Rf1 Bb7 17. Na4 Nxb5 18. c6 Ba6 19. Bd2 g5 20. fxg5 Bxg5
21. Nf3 Qf6 22. Ne5 Nd6 23. Rf3 Bh4 24. Nd7 Qg6 25. Nxf8 Kxf8 26. Nb2 Bb5 27. Be1 Bg5 28. Bd2 Bxc6 29. Nd3 Ne4 30. Ne5 Qe8
31. g4 Ba4 32. Qe1 Bb5 33. Rc1 Rc8 34. Rd1 Kg7 35. h4 Bf6 36. g5 Nxg5 37. hxg5 Bxg5 38. Qg3 Qe7 39. Rf2 Ba4 40. Rc1 Kf8
41. Ng4 Bh4 42. Qf4 Bg5 43. Qe5 Qe8 44. Qh8+ Ng8 45. Qe5 Qh5 46. Qg3 Bc6 47. Rxc6 Qe8 48. Ne5 Qe7 49. Rg2 h6 50. Nf3 Ke8
51. Qe5 Kd7 52. b5 Rf8 53. Rxc7+ Ke8 54. Rxe7+ Bxe7 55. Qxe6 Nf6 56. Qxb6 Kf7 57. Ne5+ Ke8 58. Qb8+ Bd8 59. Bxa5 Ke7 60. Ng6+
1-0

[Event "John hamer"]
[Site "SchemingMind.com"]
[Date "2016.05.20"]
[Round "-"]
[White "Chessibelle"]
[Black "Fred Fanelli"]
[Result "0-1"]
[WhiteCountry "ENG"]
[BlackCountry "USA"]
[WhiteElo "1195"]
[WhiteRD "64"]
[BlackElo "1538"]
[BlackRD "84"]
[GameID "399450"]

1. Nf3 d5 2. d4 e6 3. Nc3 c5 4. e3 Nc6 5. Be2 a6 6. O-O Bd6 7. g3 Nf6 8. Bd3 c4 9. Be2 O-O 10. b3 b5
11. a4 b4 12. Na2 a5 13. Bb2 c3 14. Bc1 Ne4 15. Bb5 Bd7 16. Bd3 Re8 17. Be2 Bc8 18. Nh4 Be7 19. Bg4 Nf6 20. Qf3 h6
21. Ng2 Bb7 22. Nf4 Bd6 23. Bh3 Bc7 24. Nd3 e5 25. Qg2 exd4 26. exd4 Nxd4 27. Bf5 Nxf5 28. Nc5 Bc6 29. Qf3 Nd6 30. Bf4 Bb6
31. Nd3 Qd7 32. Nac1 d4 33. Qd1 Qh3 34. f3 Ng4 35. Nf2 Nxf2 36. Rxf2 Nf5 37. Nd3 Ne3 38. Bxe3 dxe3 39. Rg2 e2+
0-1

[Event "John hamer"]
[Site "SchemingMind.com"]
[Date "2016.05.28"]
[Round "-"]
[White "MathiasNowak"]
[Black "John Hamer"]
[Result "1-0"]
[WhiteCountry "INT"]
[BlackCountry "ENG"]
[WhiteElo "1292"]
[WhiteRD "120"]
[BlackElo "2061"]
[BlackRD "72"]
[GameID "399698"]

1. e4 c6 2. d4 d5 3. e5 g6 4. Nf3 Bg7 5. Bd3 Nh6 6. O-O O-O 7. Re1 b6 8. h3 Bb7 9. Bf4 e6 10. Qd2 Nf5
11. Nc3 Nd7 12. Bg5 Qb8 13. h4 h6 14. Bf4 Kh7 15. g4 Ne7 16. h5 c5 17. g5 cxd4 18. Nb5 hxg5 19. hxg6+ fxg6 20. Nxg5+
1-0

[Event "John hamer"]
[Site "SchemingMind.com"]
[Date "2016.05.28"]
[Round "-"]
[White "John Hamer"]
[Black "MathiasNowak"]
[Result "0-1"]
[WhiteCountry "ENG"]
[BlackCountry "INT"]
[WhiteElo "2037"]
[WhiteRD "70"]
[BlackElo "2062"]
[BlackRD "210"]
[GameID "399699"]

1. d4 Nf6 2. Nf3 d5 3. Bg5 Ne4 4. Bf4 c5 5. c3 cxd4 6. cxd4 Nc6 7. e3 Qa5+ 8. Nbd2 e5 9. Bxe5 Bg4 10. Be2 Bxf3
11. Bxf3 Nxd2 12. Ke2 Nc4 13. Qb3 Qa6
0-1

[Event "John hamer"]
[Site "SchemingMind.com"]
[Date "2016.06.06"]
[Round "-"]
[White "fu_manchu"]
[Black "unomas2013"]
[Result "0-1"]
[WhiteCountry "CAN"]
[BlackCountry "ESP"]
[WhiteElo "1845"]
[WhiteRD "69"]
[BlackElo "2388"]
[BlackRD "121"]
[GameID "399943"]

1. d4 d5 2. c4 c6 3. Nf3 Nf6 4. Nc3 e6 5. e3 Nbd7 6. Bd3 dxc4 7. Bxc4 b5 8. Bb3 b4 9. Ne2 Bb7 10. O-O Bd6
11. Qc2 c5 12. dxc5 Nxc5 13. Nfd4 Nxb3 14. Nxb3 a5 15. Nbd4 O-O 16. b3 Rc8 17. Qd2 Bxh2+ 18. Kh1 Ne4 19. Qe1 Rc5 20. Nf4 Bxf4
0-1

[Event "John hamer"]
[Site "SchemingMind.com"]
[Date "2016.06.06"]
[Round "-"]
[White "unomas2013"]
[Black "fu_manchu"]
[Result "1-0"]
[WhiteCountry "ESP"]
[BlackCountry "CAN"]
[WhiteElo "2360"]
[WhiteRD "112"]
[BlackElo "1860"]
[BlackRD "71"]
[GameID "399944"]

1. e4 Nc6 2. d4 d5 3. Nc3 dxe4 4. d5 Ne5 5. Qd4 Ng6 6. Qxe4 Nf6 7. Qa4+ Bd7 8. Bb5 a6 9. Bxd7+ Qxd7 10. Qxd7+ Nxd7
11. Nf3 O-O-O 12. O-O Nb6 13. Ng5 Rg8 14. Nxf7 Rd7 15. Rd1 e6 16. dxe6 Rxd1+ 17. Nxd1 Be7 18. f4 Nd5 19. g3 Bf6 20. Bd2 Nf8
21. f5 g6 22. c4 Ne7 23. Bc3 Bxc3 24. Nxc3 Nxf5 25. Re1 Nd4 26. Nd5 Nf3+ 27. Kf1 Nxe1 28. Ne7+ Kb8 29. Nxg8 Nxe6 30. Kxe1 Ka7
31. Nf6 h5 32. Ne5 Ng5 33. h4
1-0

[Event "John hamer"]
[Site "SchemingMind.com"]
[Date "2016.06.24"]
[Round "-"]
[White "Michal Drus"]
[Black "Clive Everill"]
[Result "0-1"]
[WhiteCountry "POL"]
[BlackCountry "CZE"]
[WhiteElo "1445"]
[WhiteRD "76"]
[BlackElo "1716"]
[BlackRD "55"]
[GameID "400635"]

1. d4 f5 2. g3 Nf6 3. c4 e6 4. Bg2 c6 5. Nh3 d6 6. Bg5 Be7 7. Nc3 Nbd7 8. Qc2 h6 9. Bf4 Nb6 10. O-O-O Nxc4
11. e4 g5 12. Bxd6 fxe4 13. Bxe4 Bxd6 14. Bg6+ Ke7 15. Ne4 Nxe4 16. Qxe4 Qb6 17. Qc2 Na5 18. Rhe1 Bd7 19. Bf5 Rhf8 20. Qe4 Rf6
21. d5 Qc5+ 22. Kb1 e5 23. Bxd7 Kxd7 24. Qh7+ Be7 25. Rxe5 Kc7 26. Rxe7+ Kb6 27. a3 Rb8 28. b4 Qb5 29. d6 Nc4 30. d7 Nxa3+
31. Ka2 Qxb4 32. Re4 Qa5 33. Kb3 Rf3+ 34. Re3 Rxe3+ 35. fxe3 Rd8 36. Ra1 Qd5+ 37. Kxa3 Rxd7 38. Rb1+ Kc7 39. Qc2 Qa5+ 40. Kb3 Rd5
41. Qh7+ Rd7 42. Qxh6 Rd3+
0-1

[Event "John hamer"]
[Site "SchemingMind.com"]
[Date "2016.06.24"]
[Round "-"]
[White "Clive Everill"]
[Black "Michal Drus"]
[Result "1-0"]
[WhiteCountry "CZE"]
[BlackCountry "POL"]
[WhiteElo "1716"]
[WhiteRD "55"]
[BlackElo "1445"]
[BlackRD "76"]
[GameID "400636"]

1. e4 c5 2. Nf3 e6 3. d4 cxd4 4. Nxd4 Nc6 5. Nc3 d6 6. Be3 g6 7. Be2 Bg7 8. Bb5 Bd7 9. O-O Nf6 10. f4 O-O
11. a4 a6 12. Be2 e5 13. fxe5 Nxe5 14. Qd2 Nc4 15. Bxc4 Qb6 16. Ne6 Nxe4 17. Nxe4 Qc6 18. Nxf8 Rxf8 19. Nxd6 Rd8 20. Bxf7+ Kh8
21. Bb3 Bh3 22. Nf7+ Kg8 23. Qxd8+ Bf8 24. Ne5+ Be6 25. Qxf8#
1-0

[Event "John hamer"]
[Site "SchemingMind.com"]
[Date "2016.07.26"]
[Round "-"]
[White "Quaff"]
[Black "Apocalypse"]
[Result "0-1"]
[WhiteCountry "ENG"]
[BlackCountry "USA"]
[WhiteElo "1588"]
[WhiteRD "68"]
[BlackElo "2452"]
[BlackRD "88"]
[GameID "401709"]

1. e4 c6 2. f4 d5 3. e5 Bf5 4. Nf3 e6 5. d4 Qb6 6. Bd3 Nh6 7. O-O Bxd3 8. Qxd3 c5 9. c3 Nc6 10. a4 cxd4
11. cxd4 Nf5 12. Rd1 h5 13. b3 a6 14. Na3 Nb4 15. Qd2 Be7 16. Nc2 Rc8 17. Nxb4 Bxb4 18. Qf2 O-O 19. h3 Rc3 20. Bd2 Rxb3
21. Bxb4 Qxb4 22. g4 hxg4 23. hxg4 Ne3 24. Rdc1 Nxg4 25. Qh4 Rxf3 26. Qxg4 Qxd4+ 27. Kh1 Rxf4 28. Qe2 f6 29. exf6 R4xf6 30. Rf1 Rh6+
0-1

[Event "John hamer"]
[Site "SchemingMind.com"]
[Date "2016.07.26"]
[Round "-"]
[White "Apocalypse"]
[Black "Quaff"]
[Result "1-0"]
[WhiteCountry "USA"]
[BlackCountry "ENG"]
[WhiteElo "2434"]
[WhiteRD "85"]
[BlackElo "1606"]
[BlackRD "69"]
[GameID "401710"]

1. d4 c5 2. d5 d6 3. e4 h6 4. Nc3 a6 5. a4 e5 6. Nf3 Be7 7. Nd2 Nf6 8. a5 Nbd7 9. Be2 Nh7 10. O-O O-O
11. Nc4 f5 12. f4 fxe4 13. Nxe4 Qc7 14. fxe5 Nxe5 15. Nxe5 dxe5 16. d6 Bxd6 17. Qd5+ Kh8 18. Rxf8+ Nxf8 19. Nxd6 Be6 20. Qxe5
1-0

[Event "John hamer"]
[Site "SchemingMind.com"]
[Date "2016.07.29"]
[Round "-"]
[White "svarog"]
[Black "chesshub"]
[Result "0-1"]
[WhiteCountry "SWE"]
[BlackCountry "FRA"]
[WhiteElo "1912"]
[WhiteRD "116"]
[BlackElo "2568"]
[BlackRD "81"]
[GameID "401776"]

1. e4 e5 2. Nc3 Nf6 3. Bc4 Bc5 4. Nf3 d6 5. h3 O-O 6. O-O Nc6 7. d3 Na5 8. Bb3 a6 9. Bg5 c6 10. Ne2 Nxb3
11. axb3 h6 12. Bh4 g5 13. Bg3 Bb6 14. Qd2 Kh7 15. Nxg5+ hxg5 16. Qxg5 Rg8 17. Qh4+ Kg6 18. Bh2 Bd7 19. Kh1 Nh7 20. Qg3+ Kh6
21. Qf3 Ng5 22. Qg3 Nxh3 23. Qf3 Ng5 24. Bf4 Rh8
0-1

[Event "John hamer"]
[Site "SchemingMind.com"]
[Date "2016.07.28"]
[Round "-"]
[White "chesshub"]
[Black "svarog"]
[Result "1-0"]
[WhiteCountry "FRA"]
[BlackCountry "SWE"]
[WhiteElo "2570"]
[WhiteRD "87"]
[BlackElo "1910"]
[BlackRD "120"]
[GameID "401777"]

1. e4 e5 2. Nf3 Nc6 3. Bb5 d6 4. O-O Bd7 5. c3 Nf6 6. Re1 Be7 7. d4 O-O 8. d5 Nb8 9. Bd3 c6 10. c4 h6
11. Nc3 Nh7 12. h3 Ng5 13. Nh2 c5 14. a3 f5 15. exf5 Bxf5 16. Bxf5 Rxf5 17. Bxg5 Bxg5 18. Ne4 Be7 19. b4 b6 20. bxc5 bxc5
21. Qg4 Qf8 22. Rab1 Nd7 23. Ng3 Rf4 24. Qxd7 Bh4 25. Ng4 Rxc4 26. Nf5
1-0

[Event "John hamer"]
[Site "SchemingMind.com"]
[Date "2016.07.28"]
[Round "-"]
[White "Robert Bruce"]
[Black "Barry Hampton"]
[Result "1-0"]
[WhiteCountry "SCO"]
[BlackCountry "ENG"]
[WhiteElo "2271"]
[WhiteRD "66"]
[BlackElo "1828"]
[BlackRD "97"]
[GameID "401880"]

1. d4 e6 2. Nf3 d5 3. e3 Nf6 4. Bd3 c5 5. b3 Nc6 6. O-O Bd6 7. Bb2 O-O 8. dxc5 Bxc5 9. a3 Qc7 10. Nbd2 e5
11. c4 dxc4 12. Bxc4 e4 13. Ng5 Ng4 14. g3 Bxe3 15. fxe3
1-0

[Event "John hamer"]
[Site "SchemingMind.com"]
[Date "2016.07.28"]
[Round "-"]
[White "Barry Hampton"]
[Black "Robert Bruce"]
[Result "0-1"]
[WhiteCountry "ENG"]
[BlackCountry "SCO"]
[WhiteElo "1828"]
[WhiteRD "97"]
[BlackElo "2271"]
[BlackRD "66"]
[GameID "401881"]

1. Nf3 d5 2. g3 c5 3. Bg2 f6 4. O-O e5 5. d3 Nc6 6. Nbd2 Nge7 7. e4 Be6 8. c3 Qb6 9. Qb3 Qa6 10. c4 dxc4
11. dxc4 h5 12. h3 h4 13. Nxh4 Nd4 14. Qe3 Nc2
0-1

[Event "John hamer"]
[Site "SchemingMind.com"]
[Date "2016.07.30"]
[Round "-"]
[White "Glenn O'Brien"]
[Black "frankly"]
[Result "0-1"]
[WhiteCountry "AUS"]
[BlackCountry "ENG"]
[WhiteElo "2010"]
[WhiteRD "88"]
[BlackElo "2473"]
[BlackRD "59"]
[GameID "401941"]

1. e4 e5 2. Nf3 Nc6 3. Bb5 a6 4. Ba4 Nf6 5. O-O Be7 6. Re1 b5 7. Bb3 d6 8. c3 O-O 9. h3 Nb8 10. d4 Nbd7
11. Nbd2 Bb7 12. Bc2 Re8 13. Nf1 Bf8 14. Ng3 g6 15. a4 c5 16. d5 c4 17. Bg5 Bg7 18. Qd2 Nc5 19. Ra3 Qc7 20. Bh6 Bxh6
21. Qxh6 Qe7 22. Qg5 Nfd7 23. Qh6 Nb6 24. axb5 axb5 25. Rea1 Nbd7 26. Rxa8 Rxa8 27. Rxa8+ Bxa8 28. Nd2 Bb7 29. b3 cxb3 30. Nxb3 Nxb3
31. Bxb3 Nc5 32. Bc2 Bc8 33. Bb1 Na4 34. Qe3 Qd8 35. Qd2 Kh8 36. Bd3 Bd7 37. f4 Qh4 38. Ne2 exf4 39. Nxf4 Qg5 40. Bc2 Kg8
41. Bxa4 bxa4 42. Kf2 a3 43. Kf3 Qf6 44. Ke3 Bb5 45. g3 Bc4 46. Qe1 Qd8 47. Qb1 a2 48. Qb4 a1=Q 49. Qxc4 Qb6+ 50. Kf3 Qh1+
51. Kg4 Qd1+ 52. Qe2 Qxe2+ 53. Nxe2 Qe3
0-1